Tram stops Gothenburg: number 9 - Statistics

General Stats
  • This quiz has been taken 20 times
  • The average score is 14 of 19
Answer Stats
Order Answer % Correct
7 Brunnsparken
100%
6 Centralstationen
100%
9 Järntorget
100%
8 Stenpiren
100%
4 Hjällbo
85%
19 Kungssten
85%
10 Masthuggstorget
85%
11 Stigbergstorget
85%
1 Angered centrum
77%
12 Kaptensgatan
77%
13 Chapmans torg
69%
5 Gamlestadstorget
69%
3 Hammarkullen
69%
18 Sandarna
62%
2 Storås
62%
15 Vagnhallen majorna
62%
14 Jaegerdorffsplatsen
54%
17 Sannaplan
54%
16 Ostindiegatan
46%
No matching quizzes found
Score Distribution
Percent of People with Each Score
Percentile by Number Answered
Your Score History
You have not taken this quiz